U.S. States or European Countries by GDP Per Capita - Statistics

General Stats
  • This quiz has been taken 125 times
    109 since last reset
  • The average score is 21 of 25
Answer Stats
USD Answer % Correct
$71.700 New York
99%
$203.000 Monaco
96%
$84.700 Switzerland
96%
$66.600 California
95%
$185.000 Liechtenstein
95%
$124.600 Ireland
92%
$68.500 Netherlands
91%
$63.600 Sweden
91%
$63.200 Germany
90%
$132.600 Luxembourg
90%
$77.800 Norway
90%
$61.500 Belgium
87%
$69.200 Denmark
86%
$74.100 Massachusetts
86%
$64.900 Austria
85%
$70.400 New Jersey
82%
$64.700 Washington
82%
$77.200 Connecticut
80%
$64.200 Iceland
80%
$63.300 Andorra
78%
$70.500 San Marino
78%
$64.600 Maryland
72%
$63.500 New Hampshire
65%
$62.100 Colorado
62%
$62.400 Alaska
59%
No matching quizzes found
Score Distribution
Percent of People with Each Score
Percentile by Number Answered
Your Score History
You have not taken this quiz since the last reset